[Event "4th ch-EU"]
[Site "Liverpool ENG"]
[Date "2008.09.13"]
[Round "5"]
[White "Briscoe,C"]
[Black "McNab,C"]
[Result "0-1"]
[WhiteElo "2232"]
[BlackElo "2450"]

1.e4 g6 2.d4 Bg7 3.Nc3 d6 4.Be3 Nf6 5.Qd2 c6 6.Nf3 Qa5 7.h3 Nbd7 8.Bd3 O-O
9.O-O e5 10.Rfd1 Re8 11.Bh6 Qb6 12.Bxg7 Kxg7 13.Na4 Qc7 14.Qc3 exd4 15.Nxd4 a6
16.b4 Nb6 17.Nxb6 Qxb6 18.Nb3 Be6 19.Re1 Bxb3 20.axb3 Re5 21.Ra5 Rae8 22.Rxe5 dxe5
23.Ra1 Re6 24.Qc5 Qd8 25.Re1 Qb8 26.Bc4 Nd7 27.Qe3 Rd6 28.Qf3 Nf6 29.Qc3 Rd4
30.f3 Qd6 31.Re3 b5 32.Bf1 Rxb4 33.Rd3 Rd4 34.Qa5 c5 35.Qa1 Rxd3 36.Bxd3 Nh5
37.Bf1 Nf4 38.Qc3 h5 39.g3 Ne6 40.Kf2 h4 41.gxh4 Nf4 42.Ke3 Kh6 43.Qd2 Qxd2+
44.Kxd2 Kh5 45.Kc3 Kxh4 46.b4 c4 47.Bxc4 bxc4 48.Kxc4 Kg3 49.Kc5 Kxf3 50.Kb6 Kxe4
51.c4 Kd4 52.c5 Nd5+  0-1

[Event "Team Match FIN-SWE"]
[Site "Mariehamn FIN"]
[Date "2008.09.13"]
[Round "1"]
[White "Sammalvuo,N"]
[Black "Malmdin,N"]
[Result "1-0"]
[WhiteElo "2251"]
[BlackElo "2274"]

1.e4 g6 2.d4 Bg7 3.Nc3 d6 4.Be3 a6 5.a4 b6 6.h3 Bb7 7.g4 Nd7 8.Bg2 c5 9.Nge2 Ngf6
10.f4 Rc8 11.d5 Qc7 12.O-O O-O 13.Ng3 Rb8 14.g5 Ne8 15.h4 Bc8 16.h5 b5 17.hxg6 hxg6
18.axb5 axb5 19.Ra2 b4 20.Nce2 Nb6 21.b3 Bg4 22.f5 Be5 23.Qe1 Ng7 24.Nf4 Bc3
25.Qf2 Nd7 26.Nge2 Bxe2 27.Nxe2 Be5 28.Bh3 gxf5 29.exf5 Ra8 30.Rxa8 Rxa8
31.Qh4 Ra1 32.Nc1 Nf8 33.Kf2 Qb7 34.Rh1 Qxd5 35.Bg2 Nxf5 36.Bxd5 Nxh4 37.Rxh4 e6
38.Be4 Ng6 39.Rh1 d5 40.Bd3 c4 41.bxc4 Nf4 42.Rf1 Rb1 43.cxd5 Nxd5 44.Nb3 Rxf1+
45.Bxf1 Bd6 46.Kf3 Kg7 47.Bd3 f5 48.gxf6+ Kxf6 49.Bd4+ Kf7 50.Nd2 e5 51.Bb2 Nc3
52.Ne4 Nxe4 53.Kxe4 Ke6 54.Bc4+ Kf6 55.Kd5 Bb8 56.Bc1 Kf5 57.Bd3+ Kf6 58.Bd2 b3
59.cxb3 Bc7 60.b4 Bb8 61.Be3 Ke7 62.b5 Kd7 63.b6 Bd6 64.Bf5+ Ke7 65.Bg5+  1-0

[Event "Team Match FIN-SWE"]
[Site "Mariehamn FIN"]
[Date "2008.09.13"]
[Round "1"]
[White "Andersson,Fred2"]
[Black "Ristoja,J"]
[Result "1/2-1/2"]
[WhiteElo "2225"]
[BlackElo "2290"]

1.d4 d6 2.e4 g6 3.Nc3 Bg7 4.f4 a6 5.Nf3 b5 6.Bd3 Nd7 7.e5 Bb7 8.Be4 Qc8 9.Qe2 e6
10.d5 Ne7 11.dxe6 fxe6 12.Bxb7 Qxb7 13.exd6 cxd6 14.Qxe6 Bxc3+ 15.bxc3 Qd5
16.Qxd5 Nxd5 17.O-O N7b6 18.f5 gxf5 19.Nd4 Kd7 20.Rxf5 Raf8 21.Rxf8 Rxf8
22.Bh6  1/2-1/2

[Event "II ROMGAZ Open"]
[Site "Bucharest ROU"]
[Date "2008.09.14"]
[Round "4"]
[White "Soltanici,R"]
[Black "Olteanu,F"]
[Result "1-0"]
[WhiteElo "2421"]
[BlackElo "2152"]

1.e4 g6 2.d4 Bg7 3.Nc3 d6 4.f4 Nf6 5.Nf3 c5 6.dxc5 Qa5 7.Bd3 Qxc5 8.Qe2 O-O
9.Be3 Qa5 10.O-O Bg4 11.h3 Bxf3 12.Qxf3 Nc6 13.a3 a6 14.Kh1 Rac8 15.Rae1 Nd7
16.Bd2 Qd8 17.Qg3 Nc5 18.f5 Ne5 19.Bg5 Ncd7 20.Nd5 Nf6 21.Nf4 Qd7 22.h4 Kh8
23.h5 Nxh5 24.Nxh5 gxh5 25.Qh4 f6 26.Bf4 Rg8 27.Re3 Qe8 28.Be2 Ng4 29.Rh3 Bh6
30.Bxh6 Nxh6 31.Bxh5 Qf8 32.Bf3 Rxc2 33.Qxh6 Qxh6 34.Rxh6 Rxb2 35.Rc1 b5
36.Rc7 Rg7 37.Bh5 e5 38.Rc8+ Rg8 39.Rxg8+ Kxg8 40.Rxf6  1-0

[Event "4th Pichay Cup"]
[Site "Manila PHI"]
[Date "2008.09.14"]
[Round "1"]
[White "Bancod,Ron"]
[Black "Dzhumaev,M"]
[Result "1-0"]
[WhiteElo "2375"]
[BlackElo "2549"]

1.e4 g6 2.d4 Bg7 3.Nc3 d6 4.g3 Nc6 5.Be3 Nf6 6.h3 O-O 7.Bg2 e5 8.Nf3 exd4
9.Nxd4 Bd7 10.O-O Re8 11.Re1 h5 12.Nxc6 bxc6 13.Qd3 Qc8 14.Qf1 Rb8 15.Rab1 c5
16.Bg5 Bc6 17.e5 Bxg2 18.Qxg2 dxe5 19.Bxf6 Bxf6 20.Qc6 Bg7 21.Qxc5 Qxh3 22.Re4 g5
23.Qxa7 f5 24.Rc4 Rbc8 25.Rxc7 Rxc7 26.Qxc7 f4 27.Qc4+ Kh8 28.Ne4 f3 29.Qf1 Qg4
30.Re1 Rd8 31.c3 Qf5 32.Kh2 Rb8 33.b3 Rb6 34.Qd3 Rg6 35.Re3 g4 36.Kg1 Bf8
37.Qd5 Rg7 38.Rd3 h4 39.gxh4 Qh7 40.Qxe5 Qxh4 41.Qh2 Be7 42.Rd5 Kg8 43.Rh5 Qxh2+
44.Kxh2 Bd8 45.a4 Bc7+ 46.Kg1 Kf7 47.Rg5 Rxg5 48.Nxg5+ Kf6 49.Ne4+ Kf5 50.Nd2 Kf4
51.Kf1 Be5 52.Nb1 Ke4 53.a5 Kd3 54.a6 Bb8 55.c4 Kd4 56.Na3 Kc5 57.Nb5  1-0

[Event "II ROMGAZ Open"]
[Site "Bucharest ROU"]
[Date "2008.09.15"]
[Round "5"]
[White "Matei,F"]
[Black "Bachmann,Ax"]
[Result "0-1"]
[WhiteElo "2196"]
[BlackElo "2511"]

1.e4 d6 2.d4 g6 3.Nc3 Bg7 4.Bc4 a6 5.Qf3 e6 6.Nge2 b5 7.e5 d5 8.Bb3 Bb7 9.Bf4 Nd7
10.Nd1 Ne7 11.c3 c5 12.Ne3 Nc6 13.Nxd5 Na5 14.Qe3 Nxb3 15.Nf6+ Bxf6 16.axb3 cxd4
17.cxd4 Be7 18.O-O Nb6 19.Bh6 Nd5 20.Qd2 Rc8 21.Bg7 Rg8 22.Qh6 Rc2 23.Qxh7 Rxg7
24.Qxg7 Rxe2 25.Qh6 Bf8 26.Qc1 Ne3  0-1

[Event "EYb18"]
[Site "Herceg Novi MNE"]
[Date "2008.09.15"]
[Round "1"]
[White "Hanley,Ja"]
[Black "Rozum,I"]
[Result "0-1"]
[WhiteElo "2243"]
[BlackElo "2444"]

1.e4 g6 2.d4 Bg7 3.Nc3 d6 4.Be3 c6 5.Qd2 b5 6.a3 Nd7 7.Nf3 Bb7 8.Be2 a6 9.O-O e5
10.dxe5 dxe5 11.Rad1 Qe7 12.Bg5 Ngf6 13.Bh6 O-O 14.Qg5 Bxh6 15.Qxh6 Rfe8
16.Ng5 Qf8 17.Qxf8+ Rxf8 18.f4 h6 19.fxe5 Nxe5 20.Rxf6 hxg5 21.Rfd6 Rfc8
22.Kf2 Kf8 23.Ke3 Ke7 24.R6d2 f6 25.b3 Rh8 26.h3 Bc8 27.Na2 a5 28.Nc1 a4
29.b4 g4 30.hxg4 Bxg4 31.Bxg4 Nxg4+ 32.Kd4 Rh5 33.Kc3 Ne5 34.Nd3 Nc4 35.Rf2 Rg5
36.Rh1 Rf8 37.Rh7+ Rf7 38.Rh8 Nxa3 39.Ra8 Nc4 40.Nc5 Rg3+ 41.Kd4 Kd6 42.Rxf6+ Rxf6
43.e5+ Nxe5 44.Ne4+ Ke6 45.Nxg3 Rf4+ 46.Ne4 Nc4 47.Kd3 Nd6 48.Nc5+ Kd5 49.c3 Rg4
50.Rd8 Ke5 51.Nd7+ Kf4 52.Rf8+ Kg5 53.Ne5 Rxg2 54.Nxc6 a3 55.Ra8 a2 56.Kd4 Rd2+
57.Kc5 Ne4+ 58.Kxb5 Rd1 59.c4 a1=Q 60.Rxa1 Rxa1 61.c5 Kf6 62.Na5 Ke6 63.c6 Nc3+
64.Kc5 Nd5 65.Nc4 Rc1 66.b5 Ne3 67.b6 Nxc4  0-1

[Event "4th ch-EU"]
[Site "Liverpool ENG"]
[Date "2008.09.15"]
[Round "7"]
[White "Dgebuadze,A"]
[Black "McNab,C"]
[Result "1/2-1/2"]
[WhiteElo "2562"]
[BlackElo "2450"]

1.e4 g6 2.d4 d6 3.Nc3 Bg7 4.Be3 Nf6 5.Qd2 c6 6.Bh6 Bxh6 7.Qxh6 Qa5 8.Bd3 c5
9.Nf3 cxd4 10.Nxd4 Nc6 11.Nf3 Bd7 12.O-O-O O-O-O 13.Kb1 Kb8 14.h3 Rc8 15.Qd2 Be6
16.Ng5 Nd8 17.f4 Bc4 18.Bxc4 Rxc4 19.Rhe1 h6 20.Nf3 Ne6 21.Nd5 Qxd2 22.Nxd2 Rd4
23.c3 Rd3 24.Nxf6 exf6 25.Rf1 Nc5 26.Kc2 Rg3 27.Rg1 Re3 28.Rge1 Rxe1 29.Rxe1 Re8
30.b4 Ne6 31.g3 f5 32.Nc4 Kc7 33.e5 dxe5 34.Nxe5 g5 35.Nxf7 gxf4 36.gxf4 Nd4+
37.Kd1 Rxe1+ 38.Kxe1 Ne6 39.Nxh6 Nxf4 40.Nxf5 Nxh3 41.Ke2 Kc6 42.Kd3 Kd5
43.Ne7+ Ke6 44.Nc8 a6 45.Kd4 Kd7 46.Nb6+ Kc6 47.Nd5 Ng5 48.Ne7+ Kb5 49.Nd5 Nf3+
50.Ke4 Ne1 51.Kd4 Nf3+ 52.Ke3 Ne5 53.Ke4 Nc6 54.Kd3 Ne5+ 55.Kc2 a5 56.Kb3 axb4
57.cxb4 Kc6 58.Ne7+ Kd6 59.Nf5+ Ke6 60.Nd4+ Kd5 61.Kc3 Ng4 62.a4 Nf2 63.Nf3 Ne4+
64.Kb3 b6 65.Ka3 Kc4 66.Ne5+ Kc3 67.Nd7 Nd2 68.a5 bxa5 69.b5 Nc4+ 70.Ka4 Kd4
71.b6 Nxb6+  1/2-1/2

[Event "II ROMGAZ Open"]
[Site "Bucharest ROU"]
[Date "2008.09.16"]
[Round "6"]
[White "Gurbanzade,E"]
[Black "Nevednichy,V"]
[Result "0-1"]
[WhiteElo "2193"]
[BlackElo "2577"]

1.e4 g6 2.d4 Bg7 3.Nc3 d6 4.f4 a6 5.Nf3 b5 6.Bd3 Bb7 7.O-O Nd7 8.e5 e6 9.d5 exd5
10.exd6 cxd6 11.f5 Ne5 12.fxg6 hxg6 13.Bg5 Ne7 14.Qd2 Qb6+ 15.Kh1 f6 16.Be3 Qc7
17.Nd4 Qd7 18.a4 b4 19.Nce2 Nc4 20.Qc1 Kf7 21.Nf4 Ne5 22.Nfe6 N7c6 23.Qe1 Nxd4
24.Nxd4 Rae8 25.Qg3 Qg4 26.Qxg4 Nxg4 27.Bg1 f5 28.c3 Be5 29.h3 bxc3 30.bxc3 Nf6
31.Rab1 Re7 32.Rb6 Ne4 33.Ne2 Nd2 34.Rd1 Nc4 35.Rb4 a5 36.Rb3 Bc6 37.Ra1 Nd2
38.Rb6 Rc8 39.Ba6 Rcc7 40.Nd4 Be8 41.Ne2 Ne4 42.Rc1 Nxc3 43.Nxc3 Rxc3 44.Rxc3 Bxc3
45.Rxd6 Re6 46.Rxe6 Kxe6 47.Bb5 Bxb5 48.axb5 Ke5  0-1

[Event "4th Pichay Cup"]
[Site "Manila PHI"]
[Date "2008.09.16"]
[Round "5"]
[White "Wan Yunguo"]
[Black "Dzhumaev,M"]
[Result "1/2-1/2"]
[WhiteElo "2471"]
[BlackElo "2549"]

1.e4 g6 2.d4 Bg7 3.Nc3 d6 4.Nf3 Nf6 5.h3 O-O 6.Be3 c6 7.a4 Nbd7 8.a5 e5 9.dxe5 dxe5
10.Qd6 Ne8 11.Qb4 Bf6 12.Bc4 Be7 13.Qb3 Nc5 14.Qa2 Ne6 15.Nxe5 Bg5 16.Rd1 Qe7
17.Qa3 Qxa3 18.bxa3 Bxe3 19.fxe3 N8c7 20.O-O Kg7 21.Rd6 f6 22.Nf3 Nc5 23.e5 fxe5
24.Nxe5 Rxf1+ 25.Kxf1 Bf5 26.e4 Be6 27.Bxe6 N7xe6 28.Nd3 Rf8+ 29.Kg1 Kf7
30.Nxc5 Nxc5 31.Rd4 Ke6 32.Rc4 Na6 33.Na4 Ke5 34.Nb2 c5 35.Nd3+ Kd6 36.e5+ Kd5
37.Rh4 Rf7 38.c3 Ke6 39.Re4 Rd7 40.Re3 g5 41.Kh2 c4 42.Ne1 h6 43.Nf3 Rd3
44.Nd4+ Kd5 45.Re1 Rxc3 46.Nb5 Rb3 47.a4 Nc5 48.Nc7+ Kd4 49.e6 Nxe6 50.Nxe6+ Kc3
51.Re5 Kb4 52.Nc5 Rb1 53.Ne4 a6 54.Re7 Kxa5 55.Rc7 b5 56.axb5 axb5 57.Nd6 Kb6
58.Rc8 Rc1 59.Kg3 c3 60.Kf2 b4 61.Ne4 Kb5 62.Ke2 Rc2+ 63.Kd3 Rxg2 64.Rb8+ Ka4
65.Kc4 Ka3 66.Nxc3 bxc3 67.Rb3+ Ka2 68.Rxc3 Kb2 69.Rb3+ Kc2 70.Rb6 h5 71.Rh6 h4
72.Rd6 g4 73.hxg4 Rxg4+ 74.Kd5 Kd3 75.Ke5+ Ke3 76.Kf5 Ra4 77.Rb6 Kf3 78.Rb3+ Kg2
79.Rb2+ Kf1 80.Rb1+ Ke2 81.Rb2+ Ke3 82.Rb3+  1/2-1/2

[Event "EYb18"]
[Site "Herceg Novi MNE"]
[Date "2008.09.17"]
[Round "3"]
[White "Hanley,Ja"]
[Black "Wallin,A"]
[Result "1-0"]
[WhiteElo "2243"]
[BlackElo "1887"]

1.e4 g6 2.d4 Bg7 3.Nc3 d6 4.Nf3 Nf6 5.Be3 c6 6.Qd2 Qa5 7.Bd3 Nbd7 8.Bh6 O-O
9.h4 Bxh6 10.Qxh6 Ng4 11.Qd2 h5 12.O-O-O b5 13.Nh2 Nxh2 14.Rxh2 b4 15.Nb1 Nf6
16.f4 Ng4 17.Rh3 Qb6 18.Bc4 Nf6 19.Re3 d5 20.exd5 cxd5 21.Bd3 e6 22.Be2 Ne4
23.Qe1 f5 24.Bd3 Ba6 25.Bxa6 Qxa6 26.Qxb4 Rab8 27.Qa3 Qb6 28.Nc3 Qc7 29.Nxe4 fxe4
30.g3 Rfc8 31.Rc3 Qd7 32.Rg1 Rc7 33.g4 Rxc3 34.Qxc3 hxg4 35.Rxg4 Kf7 36.Rg1 Qe7
37.Qg3 Qf6 38.f5 Rg8 39.Qc7+ Kf8 40.Qc8+ Kf7 41.Qxg8+ Kxg8 42.Rxg6+ Kf7 43.Rxf6+ Kxf6
44.fxe6 Kxe6 45.Kd2  1-0

[Event "4th Pichay Cup"]
[Site "Manila PHI"]
[Date "2008.09.17"]
[Round "6"]
[White "Goh Weiming"]
[Black "Hoang Canh Huan"]
[Result "1-0"]
[WhiteElo "2403"]
[BlackElo "2339"]

1.e4 g6 2.d4 Bg7 3.Nc3 d6 4.f4 a6 5.Nf3 b5 6.Bd3 Bb7 7.e5 e6 8.O-O Ne7 9.Qe1 Nd7
10.a4 bxa4 11.Ne4 Nb6 12.Bd2 Qb8 13.Qh4 Nf5 14.Qf2 h5 15.Rae1 Bd5 16.Qe2 Qb7
17.Neg5 O-O 18.c4 Bxf3 19.Nxf3 Rfd8 20.d5 Nd7 21.Bc3 Nc5 22.Bc2 Re8 23.Kh1 Rad8
24.dxe6 fxe6 25.Qf2 Qb6 26.Nh4 Kh7 27.Bd4 Qc6 28.h3 Nb3 29.Bc3 Qc5 30.Bxf5 exf5
31.Qg3 Re6 32.Nf3 Re7 33.exd6 Rxe1 34.Rxe1 Qxd6 35.Re6  1-0

[Event "IV Geller Memorial"]
[Site "Odessa UKR"]
[Date "2008.09.17"]
[Round "9"]
[White "Romcovici,V"]
[Black "Novikova,M"]
[Result "1/2-1/2"]
[WhiteElo "2222"]
[BlackElo "2055"]

1.d4 g6 2.e4 Bg7 3.Nc3 d6 4.f4 Nc6 5.Be3 Nf6 6.Be2 e6 7.Qd2 a6 8.Bf3 Nd7
9.Nge2 O-O 10.O-O Ne7 11.g4 Nb6 12.b3 f5 13.h3 c6 14.Rad1 fxe4 15.Nxe4 Nbd5
16.Bf2 Bh6 17.Bg3 b5 18.c4 bxc4 19.bxc4 Nb6 20.Qc2 d5 21.Nd2 a5 22.c5 Nd7
23.a4 Ba6 24.Rf2 Bg7 25.Nf1 Ra7 26.Ne3 Rb7 27.f5 Bxe2 28.Bxe2 exf5 29.gxf5 Rb4
30.fxg6 Nxg6 31.Nf5 Qg5 32.Kh2 Nf6 33.Bd6 Ne4 34.Bxf8 Nxf2 35.Bxg7 Nxd1 36.Bxd1 Qf4+
37.Kg1 Qg5+ 38.Kh1 Qf4 39.Bh6 Qf1+ 40.Kh2 Rc4 41.Qb1 Qf2+ 42.Kh1 Qf1+ 43.Kh2 Qf2+
44.Kh1 Qf1+ 45.Kh2 Qf2+  1/2-1/2

[Event "II ROMGAZ Open"]
[Site "Bucharest ROU"]
[Date "2008.09.18"]
[Round "8"]
[White "Cosma,I"]
[Black "Barzanu,I"]
[Result "1-0"]
[WhiteElo "2457"]
[BlackElo "2246"]

1.d4 g6 2.e4 Bg7 3.Nc3 d6 4.Be3 Nf6 5.h3 c6 6.a4 Nbd7 7.Nf3 Qc7 8.a5 O-O
9.Be2 e5 10.dxe5 dxe5 11.Bc4 Re8 12.Ng5 Re7 13.O-O Nf8 14.Bc5 Rd7 15.Qe2 h6
16.Nf3 Nh5 17.Qe3 Qb8 18.Ne2 Nf4 19.Nxf4 exf4 20.Qb3 Qc7 21.Rfe1 Rd8 22.e5 Ne6
23.Bd6 Qd7 24.Rad1 Qe8 25.c3 Bf8 26.Qb4 g5 27.Nd2 c5 28.Qb3 Bxd6 29.exd6 Rxd6
30.Bd5 Qf8 31.Ne4 Rd8 32.a6 Rb8 33.axb7 Bxb7 34.Bxb7 Qe7 35.Rxd8+ Nxd8 36.Rd1 Nxb7
37.Rd7 Qe6 38.Qxe6 fxe6 39.Nf6+ Kf8 40.Rc7 Rd8 41.Rxb7 Rd1+ 42.Kh2 Rd2 43.f3  1-0

[Event "II ROMGAZ Open"]
[Site "Bucharest ROU"]
[Date "2008.09.19"]
[Round "9"]
[White "Vavric,P"]
[Black "Cernea,R"]
[Result "1-0"]
[WhiteElo "2218"]
[BlackElo "2072"]

1.e4 g6 2.d4 Bg7 3.Nc3 d6 4.f4 Nf6 5.Nf3 O-O 6.e5 Ne8 7.Bc4 c6 8.O-O d5 9.Bd3 b6
10.Ne2 c5 11.c3 Nc6 12.Be3 c4 13.Bc2 f5 14.b3 Nc7 15.h3 b5 16.Nh2 b4 17.bxc4 dxc4
18.Ba4 Bb7 19.Bxc6 Bxc6 20.cxb4 Qd5 21.Rf2 Qe4 22.Qc1 Nd5 23.Nf1 Nxb4 24.Qxc4+ e6
25.Qxb4 Rab8 26.Qd2 Qd5 27.Nc3 Qd7 28.Qc1 Rfc8 29.Rc2 Bf8 30.Nd2 g5 31.fxg5 f4
32.Bf2 Qg7 33.Nce4 Rb6 34.Nf6+ Kh8 35.Nde4 Bxe4 36.Rxc8 Bb7 37.Rc7 Be7 38.Qc2  1-0

[Event "II ROMGAZ Open"]
[Site "Bucharest ROU"]
[Date "2008.09.19"]
[Round "9"]
[White "Podgursky,S"]
[Black "Grunberg,M"]
[Result "0-1"]
[WhiteElo "2260"]
[BlackElo "2400"]

1.e4 g6 2.d4 Bg7 3.Nc3 d6 4.Nf3 a6 5.a4 Nf6 6.Be2 O-O 7.O-O Nc6 8.d5 Nb4
9.h3 a5 10.Nd4 c6 11.dxc6 bxc6 12.Bg5 Bb7 13.Bd3 Rc8 14.b3 Nd7 15.Nde2 Nc5
16.Rc1 Ne6 17.Bd2 d5 18.exd5 cxd5 19.Nb5 Nc5 20.Be3 e5 21.Bxc5 Rxc5 22.c3 Nxd3
23.Qxd3 Ba6 24.b4 axb4 25.cxb4 e4 26.Qd2 Rxc1 27.Rxc1 Bxb5 28.axb5 d4 29.Rc4 d3
30.Nc3 f5 31.f3 e3 32.Qxe3 Bxc3 33.Rxc3 d2 34.Rd3 d1=Q+  0-1

[Event "USCL 2008"]
[Site "ICC INT"]
[Date "2008.09.24"]
[Round "5"]
[White "Enhbat,T"]
[Black "Felecan,F"]
[Result "1/2-1/2"]
[WhiteElo "2401"]
[BlackElo "2381"]

1.d4 d6 2.e4 g6 3.Nc3 Bg7 4.Nf3 Nf6 5.Be3 O-O 6.h3 c6 7.Bd3 Qc7 8.O-O e5
9.dxe5 dxe5 10.Qd2 Nbd7 11.Ne2 Re8 12.Ng3 Nf8 13.Rfd1 Ne6 14.Bc4 Nf4 15.Ng5 Be6
16.Nxe6 Nxe6 17.Qd6 Qxd6 18.Rxd6 Bf8 19.Rd2 Nc5 20.f3 b5 21.Bf1 a5 22.b3 Rab8
23.Nh1 Nh5 24.Nf2 f6 25.Nd3 Ne6 26.a4 b4 27.Rad1 Nd4 28.Bxd4 exd4 29.g4 Ng7
30.Nb2 Bc5 31.Bc4+ Kh8 32.Nd3 Bb6 33.Kg2 Re7 34.Nf4 Bc7 35.Ne2 c5 36.Rh1 f5
37.exf5 gxf5 38.Nc1 Rbe8 39.Rf2 Re3 40.Nd3 Bd6 41.Rhf1 R8e7 42.Nb2 h5 43.Bd3 Ne6
44.f4 h4 45.Nc4 Rg3+ 46.Kh2 Bc7 47.Re2 Re3 48.Nxe3 Nxf4 49.Rxf4 dxe3 50.Kg2 Bxf4
51.Kf3 Bg3 52.Rxe3 fxg4+ 53.hxg4 Rxe3+ 54.Kxe3 h3 55.Kf3 h2 56.Kg2 Kg7 57.Bc4 Kf6
58.Bg8  1/2-1/2

[Event "Zvenigorodskaya Open A"]
[Site "Zvenigorod RUS"]
[Date "2008.09.25"]
[Round "1"]
[White "Charochkina,D"]
[Black "Rakhmanov,Ale"]
[Result "1/2-1/2"]
[WhiteElo "2309"]
[BlackElo "2489"]

1.e4 d6 2.d4 g6 3.Nc3 Bg7 4.Be3 a6 5.f4 b5 6.a3 Bb7 7.Nf3 Nd7 8.e5 e6 9.Bd3 Ne7
10.O-O Nb6 11.a4 b4 12.Ne4 a5 13.c3 O-O 14.Bf2 bxc3 15.bxc3 Rb8 16.Bh4 Bxe4
17.Bxe4 Qd7 18.Qe1 Ned5 19.Bxd5 exd5 20.f5 Qxf5 21.Be7 Rfe8 22.Ng5 Qd7 23.Bf6 h6
24.Bxg7 hxg5 25.Bf6 Qg4 26.Qf2 Qf4 27.Qe2 Qe4 28.Qf2 Qf4 29.Qe2 Qe4 30.Qf2 Qh4
31.Qf3 Qh7 32.Qg4 Qh4 33.Qf3 Qf4 34.Qh3 Qh4 35.Qf3 Qf4  1/2-1/2

[Event "Zvenigorodskaya Open A"]
[Site "Zvenigorod RUS"]
[Date "2008.09.26"]
[Round "3"]
[White "Ponkratov,P"]
[Black "Losev,D"]
[Result "1-0"]
[WhiteElo "2530"]
[BlackElo "2381"]

1.d4 g6 2.e4 Bg7 3.Nc3 d6 4.Be3 Nf6 5.f3 O-O 6.Qd2 Nc6 7.O-O-O e5 8.d5 Ne7
9.g4 Ne8 10.Bd3 c6 11.dxc6 bxc6 12.Bc4 Be6 13.Qd3 Qa5  1-0

[Event "TCh-NED 2008-9"]
[Site "Netherlands NED"]
[Date "2008.09.27"]
[Round "1"]
[White "Cuijpers,F"]
[Black "Temmink,H"]
[Result "1-0"]
[WhiteElo "2497"]
[BlackElo "2230"]

1.e4 g6 2.d4 Bg7 3.Nc3 d6 4.Be3 a6 5.Nf3 b5 6.Bd3 Bb7 7.Qd2 Nd7 8.a4 b4 9.Ne2 Ngf6
10.Ng3 Ng4 11.Bf4 e5 12.dxe5 dxe5 13.Bg5 f6 14.Qxb4 fxg5 15.Qxb7 O-O 16.h3 Nh6
17.Rd1 Kh8 18.Bxa6 Qe7 19.Bb5 Nb6 20.b3 Qb4+ 21.Ke2 Rab8 22.Qc6 Nf7 23.Qxc7 Qa5
24.Qe7 Qc3 25.Ne1 Nc8 26.Qa3 Na7 27.Rd3 Qa5 28.Bc4 Nc6 29.c3 Rbd8 30.Bd5 Rc8
31.Nf3 g4 32.hxg4 Nh6 33.g5 Nf7 34.Rhd1 Qa7 35.Rf1 Na5 36.c4 Nc6 37.Bxc6 Rxc6
38.a5 Nd8 39.Rd6 Rxd6 40.Qxd6 Qxa5 41.Rd1 Qa2+ 42.Rd2 Qxb3 43.Qxd8 Rxd8 44.Rxd8+ Bf8
45.Rxf8+ Kg7 46.Rc8 Qb7 47.Rc5 Qb4 48.Rc7+ Kg8 49.Nf1  1-0

[Event "TCh-NED 2008-9"]
[Site "Netherlands NED"]
[Date "2008.09.27"]
[Round "1"]
[White "Van der Poel,H"]
[Black "Roobol,M"]
[Result "0-1"]
[WhiteElo "2296"]
[BlackElo "2330"]

1.e4 g6 2.d4 Bg7 3.Nc3 d6 4.f4 a6 5.Nf3 b5 6.Bd3 Bb7 7.a4 b4 8.Ne2 Nd7 9.O-O c5
10.c3 cxd4 11.cxd4 Ngf6 12.Ng3 O-O 13.f5 a5 14.Bg5 Qb6 15.Kh1 Rfe8 16.Bb5 Bc6
17.Bxc6 Qxc6 18.Rc1 Qb7 19.e5 dxe5 20.dxe5 Ng4 21.e6 fxe6 22.fxg6 hxg6 23.Nd4 Ndf6
24.Bxf6 Nxf6 25.Nxe6 Rec8 26.Rxc8+ Rxc8 27.Nf4 b3 28.Qd3 Rc2 29.Qxg6 e5 30.Rd1 Qd7
31.Nd3 e4 32.Nxe4 Ng4 33.Rf1 Rc6 34.Ndc5 Rxg6 35.Nxd7 Ne3 36.Rf3 Rc6 37.h3 Rc1+
38.Kh2 Nf1+ 39.Kg1 Nd2+ 40.Kf2 Nxf3 41.Kxf3 Rc2 42.Ndc5 Bxb2 43.Nxb3 Bc3
44.Ke3 Be1 45.Kd4 Rxg2 46.Kc4 Rh2 47.Kb5 Rxh3 48.Nec5 Rh5 49.Nxa5 Bxa5 50.Kxa5 Rxc5+
51.Kb6 Rc1 52.a5 Rb1+ 53.Kc6 Ra1 54.Kb6 Kf7 55.a6 Ke7 56.a7 Kd7 57.Kb7 Rb1+
58.Ka6 Kc7 59.a8=N+ Kc6 60.Ka7 Rb2  0-1

[Event "17th CRO-chT 1a"]
[Site "Sibenik CRO"]
[Date "2008.09.27"]
[Round "1"]
[White "Saric,Iv"]
[Black "Muse,M"]
[Result "1-0"]
[WhiteElo "2511"]
[BlackElo "2444"]

1.e4 g6 2.d4 Bg7 3.Nc3 d6 4.f4 a6 5.Nf3 b5 6.Bd3 Bb7 7.Be3 Nd7 8.e5 Nh6 9.Qe2 c5
10.dxc5 Nxc5 11.Bxc5 dxc5 12.O-O-O Qb6 13.Be4 Bxe4 14.Qxe4 O-O 15.Nd5 Qa7
16.Ne3 Rfd8 17.g4 e6 18.h3 Bf8 19.f5 exf5 20.gxf5 Nxf5 21.Nxf5 gxf5 22.Rdg1+ Kh8
23.Qxf5 Bh6+ 24.Ng5 f6 25.exf6 Qd7 26.Kb1 Bxg5 27.Qxg5 Qf7 28.Qxc5 Qxf6 29.Rf1 Qg7
30.Rhg1 Rac8 31.Qb6 Rf8 32.Qxa6  1-0

[Event "Tatry Open"]
[Site "Tatranske Zruby SVK"]
[Date "2008.09.27"]
[Round "1"]
[White "Partys,P"]
[Black "Petran,Pe"]
[Result "1/2-1/2"]
[WhiteElo "1984"]
[BlackElo "2331"]

1.e4 g6 2.d4 Bg7 3.Nc3 d6 4.Be3 a6 5.Qd2 b5 6.O-O-O Bb7 7.f3 Nd7 8.h4 h5
9.Nge2 Rc8 10.g4 hxg4 11.fxg4 Ngf6 12.g5 Nxe4 13.Nxe4 Bxe4 14.Rh2 c5 15.Nc3 Bf5
16.dxc5 Nxc5 17.Bd4 Bxd4 18.Qxd4 Rh7 19.Bg2 Na4 20.Ne4 Bxe4 21.Bxe4 Rc4 22.Qd3 Nc5
23.Bc6+ Kf8 24.Qf3 e6 25.Rf1 Qe7 26.Qg3 Kg8 27.Bh1 Nd7 28.Kb1 Ne5 29.Rf4 Qc7
30.Rhf2 Qc5 31.Bg2 Rd4 32.b3 a5 33.Rxd4 Qxd4 34.Rf4 Qc5 35.a4 b4 36.Be4 Kg7
37.Rf1 Qc7 38.Qf4 Qe7 39.Rd1 Rh8 40.Rh1 Nd7 41.Qe3 Nc5 42.Bf3 e5 43.Bd5 f5
44.gxf6+ Qxf6 45.Qh3 Qf5 46.Qg2 e4 47.Bc4 d5 48.Rf1 Qe5 49.Be2 Ne6 50.Qf2 Rf8
51.Qa7+ Kg8 52.Rxf8+ Kxf8 53.Qxa5  1/2-1/2

[Event "Zvenigorodskaya Open A"]
[Site "Zvenigorod RUS"]
[Date "2008.09.27"]
[Round "5"]
[White "Deviatkin,A"]
[Black "Gubajdullin,A"]
[Result "1/2-1/2"]
[WhiteElo "2567"]
[BlackElo "2441"]

1.e4 g6 2.d4 Bg7 3.Nc3 d6 4.Be3 a6 5.a4 Nf6 6.h3 O-O 7.Nf3 b6 8.Bd3 Bb7 9.O-O Nc6
10.Qd2 Nb4 11.Bh6 Nxd3 12.cxd3 c5 13.d5 e6 14.dxe6 fxe6 15.Bxg7 Kxg7 16.Ng5 Qe7
17.f4 h6 18.Nf3 Nh5 19.Ne2 Kh7 20.Rae1  1/2-1/2

[Event "Podillya It"]
[Site "Khmelnitsky UKR"]
[Date "2008.09.28"]
[Round "3"]
[White "Simonian,H"]
[Black "Firman,N"]
[Result "1/2-1/2"]
[WhiteElo "2452"]
[BlackElo "2525"]

1.e4 g6 2.d4 Bg7 3.Nc3 d6 4.Be3 a6 5.a4 b6 6.g3 Bb7 7.Bg2 Nc6 8.Nge2 e5 9.O-O Nf6
10.d5 Ne7 11.h3 O-O 12.Qd2  1/2-1/2

[Event "ch-Commonwealth"]
[Site "Nagpur IND"]
[Date "2008.09.29"]
[Round "2"]
[White "Niji,A1"]
[Black "Deshmukh,A"]
[Result "0-1"]
[WhiteElo "2015"]
[BlackElo "2284"]

1.e4 d6 2.d4 g6 3.Nc3 Bg7 4.Be3 c6 5.Qd2 b5 6.Bd3 a6 7.a4 b4 8.Nce2 a5 9.c3 Ba6
10.Nf3 Bxd3 11.Qxd3 Nf6 12.O-O O-O 13.cxb4 axb4 14.Rfc1 Qb6 15.Nd2 Qb7 16.f3 Nbd7
17.Qb3 e5 18.Nc4 d5 19.Nxe5 dxe4 20.Nxc6 exf3 21.gxf3 Rfe8 22.Kg2 Ra6 23.d5 Ne5
24.Ned4 Nfg4 25.fxg4 Nxg4 26.Kg1 Rxe3 27.Qxb4 Qxb4 28.Nxb4 Bxd4 29.Nxa6 h5
30.Rc2 Re2+  0-1

[Event "ch-Commonwealth"]
[Site "Nagpur IND"]
[Date "2008.09.29"]
[Round "2"]
[White "Majumdar,C"]
[Black "Meenakshi,Sub"]
[Result "0-1"]
[WhiteElo "2050"]
[BlackElo "2336"]

1.e4 g6 2.d4 Bg7 3.Nc3 d6 4.Be3 a6 5.Qd2 Nd7 6.a4 b6 7.Bc4 Bb7 8.Nh3 Ngf6
9.f3 e6 10.Nf4 e5 11.Nfe2 O-O 12.d5 Ne8 13.g4 f5 14.gxf5 gxf5 15.Bg5 Ndf6
16.Ng3 f4 17.Nf5 Bc8 18.Nxg7 Nxg7 19.Rg1 Kh8 20.Qf2 Qe8 21.Bh6 Rg8 22.Qh4 Qf7
23.Kf2 Bd7 24.Bxg7+ Rxg7 25.Rxg7 Qxg7 26.Rg1 Qe7 27.Qh6 Be8 28.Rg5 Ng8 29.Qh4 Bg6
30.Ke1 h6 31.Rg4 Qxh4+ 32.Rxh4 h5 33.Bf1 Kg7 34.Bh3 Bf7 35.b4 Kg6 36.Bf1 Kg5
37.Rh3 Be8 38.a5 bxa5 39.bxa5 Bd7 40.Na2 Rb8 41.Nc3 Bc8 42.Kd2 Nh6 43.Nd1 Rb1
44.c3 Nf7  0-1

[Event "ch-Commonwealth"]
[Site "Nagpur IND"]
[Date "2008.09.29"]
[Round "2"]
[White "Ashwin,J"]
[Black "Annurudha,G"]
[Result "1-0"]
[WhiteElo "2436"]
[BlackElo "2218"]

1.d4 g6 2.e4 Bg7 3.Nc3 d6 4.Be3 Nf6 5.h3 O-O 6.Nge2 Na6 7.g4 c5 8.Bg2 Qa5
9.O-O Rb8 10.dxc5 Nxc5 11.a3 Na4 12.Nxa4 Qxa4 13.Nc3 Qa6 14.Re1 b6 15.Bd4 e5
16.Be3 Rd8 17.Qf3 Ne8 18.Nd5 Qb7 19.Bg5 Rd7 20.Bf1 h6 21.Bd2 Rd8 22.Bc4 Be6
23.Rad1 Rbc8 24.Qd3 Bxd5 25.Bxd5 Qe7 26.Bb3 Bf8 27.f4 Kh7 28.Rf1 f6 29.Qd5 Qg7
30.Be3 Be7 31.f5 g5 32.Rf2 Nc7 33.Qb7 Nb5 34.c3 Bf8 35.Qa6 Qd7 36.Ba4 Nc7
37.Bxd7 Nxa6 38.Bxc8 Rxc8 39.Rfd2 Kg7 40.Kg2 Kf7 41.Kf3 Nb8 42.a4 Nc6 43.b4 Nb8
44.Rd3 Rc4 45.Ra1 Nc6 46.a5 b5 47.a6 Be7 48.Ra3 Ke8 49.Rd5 Kd7 50.Rxb5 Kc8
51.Rb7  1-0

[Event "Tatry Open"]
[Site "Tatranske Zruby SVK"]
[Date "2008.09.29"]
[Round "3"]
[White "Justus,I"]
[Black "Ruzicka,P"]
[Result "0-1"]
[WhiteElo "2161"]
[BlackElo "2286"]

1.e4 g6 2.d4 Bg7 3.Nc3 d6 4.Be3 Nd7 5.Qd2 a6 6.f3 h6 7.a4 b6 8.Bd3 e6 9.Nge2 Ne7
10.O-O Bb7 11.a5 b5 12.f4 f5 13.d5 fxe4 14.Bxe4 Nf6 15.Nd4 Nxe4 16.Nxe4 Bxd5
17.Nc3 Qd7 18.Nxd5 Nxd5 19.f5 gxf5 20.Nxf5 Bxb2 21.Bd4 Bxd4+ 22.Qxd4 O-O-O
23.c4 bxc4 24.Qxc4 Qb5 25.Qxb5 axb5 26.Nd4 Kb7 27.Nxb5 Ka6 28.Nd4 e5 29.Nc6 Rdf8
30.Rfd1 Nc3 31.Rd3 Ne2+ 32.Kh1 Rf7 33.Rb1 Rhf8 34.Nb4+ Ka7 35.Nc6+ Ka6 36.Nb4+ Ka7
37.Nc6+ Ka8 38.Rf3 Rxf3 39.gxf3 Nd4 40.Nxd4 exd4 41.Kg2 Rf5 42.Rb4 Rd5 43.Kf2 d3
44.Ke1 Rxa5 45.Rd4 Ra2 46.Rh4 Re2+ 47.Kd1 Rf2 48.Rxh6 Rxf3 49.Kd2 Kb7 50.h4 Rh3
51.h5 Kc6 52.Rh7 Kb6 53.h6 c6 54.Rh8 Kc5 55.Kc3 Kd5 56.Rh7 c5 57.Kb3 d2+
58.Kc2 Rh2 59.Kd1 c4 60.Kc2 c3  0-1